| 000 | 01236nac a22002291u 4500 | ||
|---|---|---|---|
| 008 | 120321t xxu||||| |||| 00| 0 eng d | ||
| 010 | _a 2003063628 | ||
| 020 | _a0321116178 (pbk.) | ||
| 082 | 0 | 0 |
_a006.3 _bKAR _222 |
| 100 |
_aKarray, Fakhreddine O. _929425 |
||
| 245 | 1 | 0 |
_aSoft computing and intelligent systems design : _btheory, tools, and applications/ _cFakhreddine O. Karray and Clarence de Silva. |
| 260 |
_aHarlow, England ; _aNew York : _bPearson/Addison Wesley,2004 _c2004. |
||
| 300 |
_axxiv, 560 p. : _bill. ; _c24 cm. |
||
| 504 | _aIncludes bibliographical references and index. | ||
| 650 | 0 |
_aSoft computing. _929426 |
|
| 650 | 0 |
_aExpert systems (Computer science) _929427 |
|
| 700 | 1 |
_aDe Silva, Clarence W. _929428 |
|
| 942 |
_cBB _k006.3K1487 _2ddc |
||
| 999 |
_c2245 _d2245 |
||